KFZ-Kennzeichen der kreisfreien Städte - Statistiken

Allgemein
  • Dieses Quiz wurde 115 mal gespielt
  • Das Durchschnittsergebnis liegt bei 82 aus 105
Antwortstatistiken
Abkürzung Bundesland Stadt oder Stadtkreis % Korrekt
B Berlin
98%
BN Nordrhein-Westfalen Bonn
96%
F Hessen Frankfurt am Main
96%
DO Nordrhein-Westfalen Dortmund
95%
DD Sachsen Dresden
95%
D Nordrhein-Westfalen Düsseldorf
95%
M | MUC Bayern München
95%
A Bayern Augsburg
94%
DA Hessen Darmstadt
94%
Bayern Fürth
94%
E Nordrhein-Westfalen Essen
93%
K Nordrhein-Westfalen Köln
93%
L Sachsen Leipzig
93%
HH Hansestadt Hamburg
91%
N Bayern Nürnberg
91%
DU Nordrhein-Westfalen Duisburg
90%
EF Thüringen Erfurt
90%
FL Schleswig-Holstein Flensburg
90%
KI Schleswig-Holstein Kiel
90%
S Baden-Württemberg Stuttgart
90%
BRB Brandenburg Brandenburg an der Havel
89%
CO Bayern Coburg
89%
ER Bayern Erlangen
89%
J Thüringen Jena
89%
LEV Nordrhein-Westfalen Leverkusen
89%
Bayern Würzburg
89%
BI Nordrhein-Westfalen Bielefeld
88%
BO Nordrhein-Westfalen Bochum
88%
C Sachsen Chemnitz
88%
GE Nordrhein-Westfalen Gelsenkirchen
88%
HAM Nordrhein-Westfalen Hamm
88%
OF Hessen Offenbach am Main
88%
P Brandenburg Potsdam
88%
R Bayern Regensburg
88%
HAL Sachsen-Anhalt Halle (Saale)
86%
IN Bayern Ingolstadt
86%
KA Baden-Württemberg Karlsruhe
86%
KS Hessen Kassel
86%
OL Niedersachsen Oldenburg
86%
EMD Niedersachsen Emden
85%
FR Baden-Württemberg Freiburg im Breisgau
85%
HB Hansestadt Bremen
85%
HRO Mecklenburg-Vorpommern Hansestadt Rostock
85%
WI Hessen Wiesbaden
85%
WOB Niedersachsen Wolfsburg
85%
G Thüringen Gera
84%
OS Niedersachsen Osnabrück
84%
BAD Baden-Württemberg Baden-Baden
83%
BA Bayern Bamberg
83%
CB Brandenburg Cottbus
83%
KR Nordrhein-Westfalen Krefeld
83%
MD Sachsen-Anhalt Magdeburg
83%
MA Baden-Württemberg Mannheim
83%
KO Rheinland-Pfalz Koblenz
81%
MZ Rheinland-Pfalz Mainz
81%
BOT Nordrhein-Westfalen Bottrop
80%
BS Niedersachsen Braunschweig
80%
HD Baden-Württemberg Heidelberg
80%
RO Bayern Rosenheim
80%
PA Bayern Passau
79%
UL Baden-Württemberg Ulm
79%
W Nordrhein-Westfalen Wuppertal
79%
FF Brandenburg Frankfurt (Oder)
78%
HL Schleswig-Holstein Hansestadt Lübeck
78%
MM Bayern Memmingen
78%
OB Nordrhein-Westfalen Oberhausen
78%
KL Rheinland-Pfalz Kaiserslautern
76%
AB Bayern Aschaffenburg
75%
HA Nordrhein-Westfalen Hagen
75%
HER Nordrhein-Westfalen Herne
75%
MG Nordrhein-Westfalen Mönchengladbach
75%
MS Nordrhein-Westfalen Münster
75%
BT Bayern Bayreuth
74%
DEL Niedersachsen Delmenhorst
74%
HN Baden-Württemberg Heilbronn
74%
LA Bayern Landshut
74%
TR Rheinland-Pfalz Trier
74%
LU Rheinland-Pfalz Ludwigshafen am Rhein
73%
MH Nordrhein-Westfalen Mülheim an der Ruhr
73%
PF Baden-Württemberg Pforzheim
73%
AN Bayern Ansbach
71%
DE Sachsen-Anhalt Dessau-Roßlau
70%
AM Bayern Amberg
68%
SN Mecklenburg-Vorpommern Schwerin
66%
KE Bayern Kempten (Allgäu)
65%
WHV Niedersachsen Wilhelmshaven
65%
SG Nordrhein-Westfalen Solingen
64%
WE Thüringen Weimar
63%
HO Bayern Hof (Saale)
61%
SZ Niedersachsen Salzgitter
61%
PS Rheinland-Pfalz Pirmasens
60%
RS Nordrhein-Westfalen Remscheid
60%
WO Rheinland-Pfalz Worms
60%
ZW Rheinland-Pfalz Zweibrücken
59%
LD Rheinland-Pfalz Landau in der Pfalz
58%
SP Rheinland-Pfalz Speyer
58%
SW Bayern Schweinfurt
56%
KF Bayern Kaufbeuren
53%
SHL Thüringen Suhl
46%
SR Bayern Straubing
38%
FT Rheinland-Pfalz Frankenthal (Pfalz)
36%
NW Rheinland-Pfalz Neustadt an der Weinstraße
33%
SC Bayern Schwabach
29%
WEN Bayern Weiden in der Oberpfalz
28%
Keine übereinstimmenden Quizze gefunden
Verteilung der Resultate
Anzahl Personen mit jedem Resultat
Perzentil nach korrekt beantworteten Fragen
Ihre Resultats-Entwicklung
Sie haben dieses Quiz noch nicht gespielt